Statistics for Capital Cities that Start with L

Click here to take the quiz!

General Stats

  • This quiz has been taken 186 times
    (149 since last reset)
  • The average score is 9 of 11

Answer Stats

Capital Cities% Correct
London
94%
Luanda
92%
Lima
87%
Lisbon
85%
Lusaka
84%
Luxembourg
83%
Ljubljana
81%
Lilongwe
77%
Lome
76%
Libreville
66%
La Paz
52%

Score Distribution

Percentile by Number Answered

Percent of People with Each Score

Your Score History

You have not taken this quiz since the last reset